[Event "XXXII. Banicky kahanec"]
[Site "?"]
[Date "2009.09.04"]
[Round "1"]
[White "Stohl, Igor"]
[Black "Csiba, Dominik"]
[Result "1/2-1/2"]
[WhiteElo "2543"]
[BlackElo "2353"]
[PlyCount "83"]
[EventDate "2009.09.04"]
[SourceDate "2009.09.04"]

1. c4 Nf6 2. d4 g6 3. g3 Bg7 4. Bg2 O-O 5. Nc3 d6 6. Nf3 Nc6 7. O-O a6 8. d5
Na5 9. Nd2 c5 10. Qc2 Rb8 11. b3 b5 12. Rb1 Bf5 13. e4 Bd7 14. Bb2 e5 15. Ne2
h5 16. Bc3 b4 17. Bb2 h4 18. Qd3 hxg3 19. hxg3 Nb7 20. f4 Ng4 21. Bh3 Ne3 22.
Qxe3 Bxh3 23. Rf2 Qd7 24. Rh2 Bg4 25. Nc1 f6 26. Nd3 Nd8 27. Nf2 Nf7 28. Rh4 f5
29. Nxg4 fxg4 30. Qe2 exf4 31. Bxg7 f3 32. Nxf3 gxf3 33. Qb2 g5 34. Rh2 Rfe8
35. Qf6 Qe7 36. Re1 Qxf6 37. Bxf6 Ne5 38. Rh8+ Kf7 39. Rxe8 Rxe8 40. Bxe5 dxe5
41. g4 Rh8 42. Rf1 1/2-1/2

[Event "XXXII. Banicky kahanec"]
[Site "?"]
[Date "2009.09.04"]
[Round "1"]
[White "Strunski, Andreas"]
[Black "Simacek, Pavel"]
[Result "0-1"]
[WhiteElo "2394"]
[BlackElo "2499"]
[PlyCount "126"]
[EventDate "2009.09.04"]
[SourceDate "2009.09.04"]

1. d4 Nf6 2. c4 c5 3. Nf3 cxd4 4. Nxd4 g6 5. Nc3 Bg7 6. g3 O-O 7. Bg2 Nc6 8.
Nc2 d6 9. O-O Qa5 10. Nb5 Be6 11. Bd2 Qd8 12. Ne3 Qd7 13. Bc3 Bh3 14. Nd5 Bxg2
15. Kxg2 Nxd5 16. Qxd5 Bxc3 17. Nxc3 Nb4 18. Qb5 Qc6+ 19. Kg1 Na6 20. Qg5 Rfe8
21. Nd5 f6 22. Qg4 f5 23. Qh4 Qd7 24. Rad1 Rac8 25. Rd4 Nc7 26. Nxc7 Rxc7 27.
b3 Rc5 28. e3 Re5 29. Rfd1 Qe6 30. Qh6 Rf8 31. h4 Rf7 32. h5 gxh5 33. Qxh5 f4
34. Qf3 fxe3 35. Qg4+ Rg7 36. Qxe6+ Rxe6 37. R4d3 Kf7 38. Rf1 exf2+ 39. Rxf2+
Rf6 40. Kg2 Rxf2+ 41. Kxf2 Rg5 42. Rd4 Rf5+ 43. Ke3 Rh5 44. a4 a5 45. Kf3 Kf6
46. Kg4 Rf5 47. Rd3 b6 48. Kh3 Ke6 49. g4 Rf7 50. Kg3 Kd7 51. Rd5 e5 52. b4
axb4 53. Rb5 Kc6 54. Rxb4 Rb7 55. Kf3 Kc5 56. Rb5+ Kxc4 57. Ke4 Rf7 58. Rxb6
Rf4+ 59. Ke3 Kd5 60. g5 Rxa4 61. Rb7 Rh4 62. Rd7 Ke6 63. Ra7 d5 0-1

[Event "XXXII. Banicky kahanec"]
[Site "?"]
[Date "2009.09.04"]
[Round "1"]
[White "Polak, Tomas"]
[Black "Krivoshey, Sergej"]
[Result "1/2-1/2"]
[WhiteElo "2508"]
[BlackElo "2497"]
[PlyCount "80"]
[EventDate "2009.09.04"]
[SourceDate "2009.09.04"]

1. d4 d5 2. c4 c6 3. Nc3 Nf6 4. e3 e6 5. Nf3 Nbd7 6. Qc2 Bd6 7. g4 h6 8. Bd2
Qe7 9. Rg1 b6 10. h4 dxc4 11. Bxc4 Nd5 12. Ne4 Bb4 13. Ne5 Bb7 14. O-O-O Bxd2+
15. Rxd2 N7f6 16. Nxf6+ gxf6 17. Nd3 O-O-O 18. a3 Kb8 19. Kb1 e5 20. Rdd1 Rhg8
21. Rde1 Nc7 22. Qb3 Rd7 23. a4 Rgd8 24. a5 Na8 25. a6 Bc8 26. Nb4 Rd6 27. d5
cxd5 28. Bxd5 Bd7 29. Bxf7 Nc7 30. Rc1 Bb5 31. Bc4 Be8 32. h5 Qh7+ 33. Rc2 Qe4
34. Rgc1 Rd1 35. Ka2 Rxc1 36. Rxc1 Qxg4 37. Bf7 Bb5 38. Bc4 Be8 39. Bf7 Bb5 40.
Bc4 Be8 1/2-1/2

[Event "XXXII. Banicky kahanec"]
[Site "?"]
[Date "2009.09.04"]
[Round "1"]
[White "Michalik, Peter"]
[Black "Hirneise, Tobias"]
[Result "1-0"]
[WhiteElo "2439"]
[BlackElo "2427"]
[PlyCount "79"]
[EventDate "2009.09.04"]
[SourceDate "2009.09.04"]

1. c4 g6 2. Nc3 c5 3. g3 Bg7 4. Bg2 d6 5. e3 Nc6 6. Nge2 Nf6 7. d4 Bd7 8. O-O
Qc8 9. Re1 Bh3 10. Bh1 h5 11. d5 Ne5 12. f4 Neg4 13. Bg2 Bxg2 14. Kxg2 h4 15.
h3 hxg3 16. hxg4 Rh2+ 17. Kxg3 Qxg4+ 18. Kxh2 O-O-O 19. Ng3 Rh8+ 20. Kg2 Qh3+
21. Kf2 Ng4+ 22. Kf3 Nh2+ 23. Ke4 Qxg3 24. Rg1 Qh3 25. Kd3 Nf3 26. Bd2 Nxg1 27.
Qxg1 Qf5+ 28. e4 Rh3+ 29. Kc2 Qh5 30. Re1 Bd4 31. Qg5 Qf3 32. Kc1 Qd3 33. Qg4+
Kb8 34. Qe2 Qg3 35. e5 Rh2 36. Qe4 a6 37. exd6 exd6 38. Ne2 Qf2 39. Qd3 Bf6 40.
Nc3 1-0

[Event "XXXII. Banicky kahanec"]
[Site "?"]
[Date "2009.09.09"]
[Round "1"]
[White "Jurcik, Marian"]
[Black "Hafizulhelmi, Mas"]
[Result "1-0"]
[WhiteElo "2477"]
[BlackElo "2416"]
[PlyCount "97"]
[EventDate "2009.09.04"]
[SourceDate "2009.09.09"]

1. Nf3 c5 2. c4 g6 3. d4 cxd4 4. Nxd4 Bg7 5. e4 Nc6 6. Be3 Nf6 7. Nc3 Ng4 8.
Qxg4 Nxd4 9. Qd1 Ne6 10. Qd2 Qa5 11. Rc1 b6 12. Qd5 Rb8 13. Qxa5 bxa5 14. b3
Bd4 15. Bxd4 Nxd4 16. Bd3 d6 17. c5 dxc5 18. Na4 Bd7 19. Nxc5 Bc6 20. Rc4 Rd8
21. O-O O-O 22. Rfc1 e5 23. Bf1 Rd6 24. f3 Rfd8 25. Na4 Rb8 26. Nb2 Kg7 27. Rc5
a4 28. Nc4 Rdd8 29. Nxe5 Be8 30. bxa4 Ne6 31. Ra5 Rb7 32. Rd5 Rdb8 33. a5 Rb2
34. a3 Ra2 35. Rdd1 Rxa3 36. Ra1 Rxa1 37. Rxa1 Rb2 38. Nc4 Rc2 39. Nd6 Bd7 40.
Rb1 Nc5 41. Bc4 f6 42. Rb8 h5 43. h4 Rd2 44. Ne8+ Bxe8 45. Rxe8 Rd4 46. Bd5 f5
47. Rc8 Na4 48. Rc7+ Kf6 49. f4 1-0

[Event "XXXII. Banicky kahanec"]
[Site "?"]
[Date "2009.09.05"]
[Round "2"]
[White "Krivoshey, Sergej"]
[Black "Michalik, Peter"]
[Result "1-0"]
[WhiteElo "2497"]
[BlackElo "2439"]
[PlyCount "101"]
[EventDate "2009.09.05"]
[SourceDate "2009.09.05"]

1. Nf3 d5 2. d4 c6 3. c4 e6 4. Qc2 Nf6 5. Bg5 Nbd7 6. cxd5 cxd5 7. Nc3 a6 8. e3
Be7 9. Bd3 O-O 10. O-O h6 11. Bf4 Nh5 12. Be5 f6 13. Bc7 Qxc7 14. Nxd5 Qd6 15.
Nxe7+ Qxe7 16. Bg6 f5 17. Bxh5 g6 18. Bxg6 Kg7 19. Bh5 Nf6 20. g4 Nxh5 21. gxh5
b5 22. Rfc1 Rf7 23. Qc5 Qd8 24. Qe5+ Kh7 25. Kf1 Bb7 26. Qxe6 Rf6 27. Rc7+ Qxc7
28. Qxf6 Qc4+ 29. Ke1 Rg8 30. Qxf5+ Kh8 31. Qf6+ Kh7 32. Qf5+ Kh8 33. e4 Qc2
34. d5 Rg2 35. Qf6+ Kh7 36. Qf7+ Kh8 37. Qf6+ Kh7 38. Qd4 Rg4 39. Nd2 Rg1+ 40.
Nf1 Bc8 41. Qe3 Qc4 42. Kd2 Rxf1 43. Rxf1 Qxf1 44. Qf4 Qc4 45. Qf7+ Kh8 46.
Qf6+ Kg8 47. Qg6+ Kf8 48. Qxh6+ Ke7 49. Qg7+ Kd6 50. Qf6+ Kd7 51. Qc6+ 1-0

[Event "XXXII. Banicky kahanec"]
[Site "?"]
[Date "2009.09.05"]
[Round "2"]
[White "Csiba, Dominik"]
[Black "Strunski, Andreas"]
[Result "1/2-1/2"]
[WhiteElo "2353"]
[BlackElo "2394"]
[PlyCount "117"]
[EventDate "2009.09.05"]
[SourceDate "2009.09.05"]

1. e4 c5 2. Nf3 e6 3. d4 cxd4 4. c3 Nf6 5. e5 Nd5 6. cxd4 d6 7. a3 Bd7 8. Bd3
Bc6 9. O-O Nd7 10. b4 a6 11. Nbd2 Nf4 12. Bc2 dxe5 13. dxe5 Nxe5 14. Nxe5 Qg5
15. Qg4 Qxe5 16. Nc4 Ne2+ 17. Kh1 Qxa1 18. Qxe2 Rc8 19. Bb2 Qa2 20. Bd3 Bb5 21.
Rc1 Rc6 22. Qe5 f6 23. Qh5+ Ke7 24. Qe2 Kf7 25. g4 Be7 26. g5 Bxc4 27. Bxc4
Rxc4 28. Rxc4 b5 29. Rd4 Qb1+ 30. Rd1 Qf5 31. Rd7 Qxg5 32. Qe4 Qg6 33. Qb7 Qb1+
34. Kg2 Re8 35. Bd4 Qg6+ 36. Kf1 Qd3+ 37. Kg2 f5 38. Bxg7 Qe2 39. h3 f4 40. Bd4
Qc2 41. Bc5 Qg6+ 42. Kf3 Qh5+ 43. Kxf4 Qf5+ 44. Ke3 Qxh3+ 45. Ke2 Qg4+ 46. Ke1
Qg1+ 47. Ke2 Qg4+ 48. Ke1 Qg5 49. Qxa6 Qc1+ 50. Ke2 Qc4+ 51. Ke3 Kf6 52. Rxe7
Qc3+ 53. Ke2 Qc4+ 54. Ke3 Qc3+ 55. Ke2 Qe5+ 56. Kf1 Rxe7 57. Bxe7+ Kxe7 58.
Qa7+ Kf6 59. Qxh7 1/2-1/2

[Event "XXXII. Banicky kahanec"]
[Site "?"]
[Date "2009.09.05"]
[Round "2"]
[White "Jurcik, Marian"]
[Black "Stohl, Igor"]
[Result "1/2-1/2"]
[WhiteElo "2477"]
[BlackElo "2543"]
[PlyCount "62"]
[EventDate "2009.09.05"]
[SourceDate "2009.09.05"]

1. Nf3 Nf6 2. c4 b6 3. g3 Bb7 4. Bg2 e6 5. O-O Be7 6. Nc3 O-O 7. d4 Ne4 8. Bd2
Bf6 9. Qc2 Nxd2 10. Qxd2 d6 11. Ne1 Bxg2 12. Nxg2 Nd7 13. Rad1 a6 14. b4 c6 15.
Ne3 d5 16. cxd5 cxd5 17. Na4 Bg5 18. Rc1 b5 19. Nc5 Bxe3 20. Qxe3 Nb6 21. Qc3
Nc4 22. a4 bxa4 23. Nxa4 a5 24. bxa5 Qxa5 25. Nc5 Qxc3 26. Rxc3 Ra2 27. e3 Rb8
28. Rb3 Rxb3 29. Nxb3 g5 30. h3 h5 31. Ra1 Rxa1+ 1/2-1/2

[Event "XXXII. Banicky kahanec"]
[Site "?"]
[Date "2009.09.06"]
[Round "3"]
[White "Polak, Tomas"]
[Black "Csiba, Dominik"]
[Result "0-1"]
[WhiteElo "2507"]
[BlackElo "2353"]
[PlyCount "76"]
[EventDate "2009.09.06"]
[SourceDate "2009.09.06"]

1. d4 Nf6 2. c4 g6 3. Nc3 d5 4. Nf3 Bg7 5. Bg5 Ne4 6. cxd5 Nxg5 7. Nxg5 e6 8.
Nf3 exd5 9. e3 O-O 10. b4 Bf5 11. Be2 c6 12. Qb3 Nd7 13. a4 Re8 14. O-O g5 15.
b5 g4 16. Ne1 c5 17. dxc5 Nxc5 18. Qa3 Rc8 19. Rd1 d4 20. exd4 Ne6 21. Bd3 Bxd3
22. Nxd3 Nxd4 23. Nf4 Qg5 24. Ncd5 Rcd8 25. Rfe1 Rxe1+ 26. Rxe1 Bf8 27. Qa2
Rxd5 28. Nxd5 Nf3+ 29. Kf1 Nxe1 30. Kxe1 Qe5+ 31. Kf1 Qd4 32. Qb3 h5 33. Ne3
Bc5 34. Ke2 Bb4 35. Qc2 Qc5 36. Qe4 Qc3 37. g3 Qe1+ 38. Kd3 Qd2+ 0-1

[Event "XXXII. Banicky kahanec"]
[Site "?"]
[Date "2009.09.07"]
[Round "4"]
[White "Hafizulhelmi, Mas"]
[Black "Krivoshey, Sergej"]
[Result "1-0"]
[WhiteElo "2416"]
[BlackElo "2497"]
[PlyCount "123"]
[EventDate "2009.09.07"]
[SourceDate "2009.09.07"]

1. d4 d5 2. c4 c6 3. Nf3 Nf6 4. e3 Bg4 5. cxd5 Bxf3 6. Qxf3 cxd5 7. Nc3 Nc6 8.
Bd3 e6 9. O-O Bd6 10. Bd2 O-O 11. Rac1 Re8 12. Qh3 e5 13. Nb5 Bb8 14. dxe5 Nxe5
15. Bf5 g6 16. Bb1 Ne4 17. Bc3 a6 18. Nd4 Ng5 19. Qh6 Ng4 20. Qh4 Nxh2 21. Qh6
Ng4 22. Qh4 h5 23. g3 Ne4 24. Qxd8 Rxd8 25. Ba5 Re8 26. a3 Ba7 27. Ba2 Ngf6 28.
Rc7 b6 29. Bb4 a5 30. Be1 Rec8 31. Nb5 Rxc7 32. Nxc7 Rd8 33. f3 Ng5 34. Bc3
Ngh7 35. Bd4 Rd7 36. Rc1 Rd8 37. Nb5 Bb8 38. Bxb6 Re8 39. Kf2 a4 40. Nc7 Rc8
41. Rc3 Ng5 42. Nxd5 Nfe4+ 43. fxe4 Nxe4+ 44. Kf3 Nxc3 45. bxc3 Bd6 46. Bd4
Bxa3 47. Nb6 Rb8 48. Nxa4 Bd6 49. Nb6 g5 50. c4 h4 51. gxh4 gxh4 52. c5 Bg3 53.
Bd5 Kh7 54. Nd7 Rd8 55. Nf6+ Kg6 56. Kg4 Bf2 57. c6 Bg3 58. Be4+ Kh6 59. Bf5
Ra8 60. e4 Bd6 61. Kxh4 Be7 62. c7 1-0

[Event "XXXII. Banicky kahanec"]
[Site "?"]
[Date "2009.09.07"]
[Round "4"]
[White "Jurcik, Marian"]
[Black "Polak, Tomas"]
[Result "1/2-1/2"]
[WhiteElo "2477"]
[BlackElo "2507"]
[PlyCount "63"]
[EventDate "2009.09.07"]
[SourceDate "2009.09.07"]

1. Nf3 Nf6 2. c4 e6 3. Nc3 d5 4. d4 Nbd7 5. cxd5 exd5 6. Bg5 Be7 7. e3 c6 8.
Bd3 O-O 9. Qc2 Re8 10. O-O Nf8 11. Bxf6 Bxf6 12. b4 Bg4 13. Nd2 Qd6 14. Rab1
Rac8 15. Bf5 Bxf5 16. Qxf5 a6 17. Na4 Rc7 18. Nc5 Ne6 19. Nf3 Bd8 20. Rfc1 g6
21. Qd3 Nxc5 22. bxc5 Qe6 23. Rb3 f6 24. Rcb1 Ree7 25. Kf1 Rcd7 26. h3 Rg7 27.
Ke2 Rdf7 28. R1b2 Ba5 29. Ra3 Bd8 30. Rab3 Ba5 31. Ra3 Bd8 32. Rab3 1/2-1/2

[Event "XXXII. Banicky kahanec"]
[Site "?"]
[Date "2009.09.07"]
[Round "4"]
[White "Stohl, Igor"]
[Black "Strunski, Andreas"]
[Result "1/2-1/2"]
[WhiteElo "2543"]
[BlackElo "2394"]
[PlyCount "87"]
[EventDate "2009.09.07"]
[SourceDate "2009.09.07"]

1. d4 Nf6 2. c4 g6 3. f3 Bg7 4. e4 d6 5. Be3 O-O 6. Qd2 c5 7. d5 e6 8. Nc3 exd5
9. cxd5 a6 10. a4 h5 11. Nge2 Nbd7 12. Nd1 Nh7 13. Nec3 f5 14. exf5 gxf5 15.
Be2 Ne5 16. O-O Qf6 17. Nf2 Bd7 18. Nh3 Rae8 19. Nf4 Qf7 20. Kh1 Nf6 21. Rab1
h4 22. b4 c4 23. b5 Nh5 24. bxa6 bxa6 25. Rb7 Re7 26. Nxh5 Qxh5 27. Bg5 Ref7
28. f4 Ng4 29. h3 Qh8 30. hxg4 Bxc3 31. Qc1 Bc8 32. Rxf7 Rxf7 33. Rf3 Ba5 34.
gxf5 Bxf5 35. Qxc4 h3 36. Rg3 Qa1+ 37. Kh2 Be1 38. Re3 Bf2 39. Re8+ Kg7 40. Bf1
Qa3 41. Qe2 hxg2 42. Bxg2 Bg3+ 43. Kg1 Bg4 44. Qe3 1/2-1/2

[Event "XXXII. Banicky kahanec"]
[Site "?"]
[Date "2009.09.08"]
[Round "5"]
[White "Strunski, Andreas"]
[Black "Hafizulhelmi, Mas"]
[Result "0-1"]
[WhiteElo "2394"]
[BlackElo "2416"]
[PlyCount "96"]
[EventDate "2009.09.08"]
[SourceDate "2009.09.08"]

1. d4 Nf6 2. c4 c5 3. d5 b5 4. cxb5 a6 5. bxa6 g6 6. Nc3 Bxa6 7. Nf3 d6 8. g3
Bg7 9. Bg2 Nbd7 10. Rb1 Nb6 11. b3 Bc8 12. Nh4 h6 13. Qc2 Qd7 14. Bb2 g5 15.
Nf3 Qf5 16. e4 Qg6 17. O-O O-O 18. Rfd1 Bg4 19. h3 Bxf3 20. Bxf3 h5 21. a4 g4
22. hxg4 hxg4 23. Bg2 Rfc8 24. Ra1 Ra5 25. Qd2 Nfd7 26. Ne2 Rca8 27. Nf4 Qh6
28. Bxg7 Qxg7 29. Bf1 Ne5 30. Be2 c4 31. Qb4 Nbd7 32. bxc4 Nc5 33. Kg2 Qh7 34.
Rh1 Qxe4+ 35. Kg1 f6 36. Rh4 Rxa4 37. Rxa4 Rxa4 38. Qb2 Rxc4 39. Rxg4+ Nxg4 40.
Bxc4 Qxc4 41. Qb8+ Kf7 42. Qh8 Ne5 43. Qh5+ Kg7 44. Qe8 Nf3+ 45. Kg2 Ne1+ 46.
Kh3 Qe4 47. Nh5+ Kh6 48. Qh8+ Qh7 0-1

[Event "XXXII. Banicky kahanec"]
[Site "?"]
[Date "2009.09.08"]
[Round "5"]
[White "Michalik, Peter"]
[Black "Jurcik, Marian"]
[Result "1/2-1/2"]
[WhiteElo "2439"]
[BlackElo "2477"]
[PlyCount "95"]
[EventDate "2009.09.08"]
[SourceDate "2009.09.08"]

1. d4 d5 2. c4 c6 3. Nf3 Nf6 4. e3 Bg4 5. h3 Bh5 6. Qb3 Qc7 7. Nc3 Bxf3 8. gxf3
e6 9. Bd2 Nbd7 10. Rc1 Qb6 11. c5 Qxb3 12. axb3 e5 13. b4 exd4 14. exd4 a6 15.
Ra1 Rc8 16. Bd3 Be7 17. Ne2 O-O 18. O-O Bd8 19. f4 Bc7 20. f3 Rfe8 21. Kf2 Nh5
22. Rg1 Re7 23. Rg5 Ndf6 24. Rag1 Rce8 25. Kf1 Kf8 26. R5g2 g6 27. f5 Re3 28.
Bxe3 Rxe3 29. Bc2 Rxf3+ 30. Ke1 Rxh3 31. Rf1 Rh4 32. fxg6 hxg6 33. Rgf2 Kg7 34.
Kd2 Re4 35. Rf3 Re7 36. Nc3 Bg3 37. Ne2 Bh4 38. Rg1 Ne4+ 39. Bxe4 Rxe4 40. Kd3
Bf6 41. Rh1 Bg5 42. Rg1 Bh6 43. Ng3 Nxg3 44. Rfxg3 Re6 45. Rf1 Kf8 46. Rh1 Kg7
47. Rf1 f6 48. Rf2 1/2-1/2

[Event "XXXII. Banicky kahanec"]
[Site "?"]
[Date "2009.09.08"]
[Round "5"]
[White "Hirneise, Tobias"]
[Black "Csiba, Dominik"]
[Result "1-0"]
[WhiteElo "2427"]
[BlackElo "2353"]
[PlyCount "65"]
[EventDate "2009.09.08"]
[SourceDate "2009.09.08"]

1. Nf3 Nf6 2. c4 g6 3. Nc3 d5 4. cxd5 Nxd5 5. Qa4+ Bd7 6. Qc2 Nb6 7. d4 Bg7 8.
e4 Bg4 9. Ne5 Bxe5 10. dxe5 Nc6 11. Bb5 Bd7 12. Bxc6 Bxc6 13. Be3 Qd7 14. Rd1
Qe6 15. f4 O-O 16. O-O Rfd8 17. Bd4 Qc4 18. Qf2 Rd7 19. b3 Qb4 20. Qe3 e6 21.
Bc5 Qa5 22. f5 exf5 23. exf5 Nd5 24. Nxd5 Rxd5 25. Rxd5 Bxd5 26. Rf2 h6 27. b4
Qa4 28. Rd2 Bxa2 29. Qxh6 Bc4 30. f6 Qa1+ 31. Kf2 Qf1+ 32. Kg3 Qe1+ 33. Kf4 1-0

[Event "XXXII. Banicky kahanec"]
[Site "?"]
[Date "2009.09.08"]
[Round "5"]
[White "Krivoshey, Sergej"]
[Black "Simacek, Pavel"]
[Result "1-0"]
[WhiteElo "2497"]
[BlackElo "2499"]
[PlyCount "75"]
[EventDate "2009.09.08"]
[SourceDate "2009.09.08"]

1. Nf3 d5 2. d4 Nf6 3. c4 dxc4 4. e3 c5 5. Bxc4 a6 6. O-O b5 7. Bd3 e6 8. a4 b4
9. Nbd2 Bb7 10. e4 Nc6 11. e5 Nd7 12. Ne4 cxd4 13. Bf4 Qa5 14. Re1 Be7 15. Rc1
Rd8 16. Nd6+ Bxd6 17. exd6 Nf6 18. Ne5 Nxe5 19. Bxe5 O-O 20. Bxf6 gxf6 21. Rc7
Ba8 22. Qg4+ Qg5 23. Qxg5+ fxg5 24. d7 a5 25. Rec1 f5 26. R1c5 Kf7 27. Rxa5 Ke7
28. Raa7 Bd5 29. Bb5 e5 30. Kf1 Kd6 31. Rc1 Be6 32. Ra6+ Ke7 33. Rc5 Bxd7 34.
Rxe5+ Kf7 35. Bc4+ Kg7 36. Re7+ Kh8 37. Ra7 Rc8 38. Raxd7 1-0

[Event "XXXII. Banicky kahanec"]
[Site "?"]
[Date "2009.09.10"]
[Round "6"]
[White "Csiba, Dominik"]
[Black "Krivoshey, Sergej"]
[Result "1/2-1/2"]
[WhiteElo "2353"]
[BlackElo "2497"]
[PlyCount "93"]
[EventDate "2009.09.10"]
[SourceDate "2009.09.10"]

1. e4 e6 2. d4 d5 3. Nd2 dxe4 4. Nxe4 Nd7 5. Nf3 Ngf6 6. Nxf6+ Nxf6 7. Bc4 c5
8. O-O a6 9. a4 cxd4 10. Qe2 Qc7 11. Rd1 Bc5 12. Ne5 O-O 13. Bf4 Qe7 14. Bg5
Qc7 15. Bf4 Qe7 16. Bg5 Qc7 17. Rd3 Nd7 18. Nxd7 Bxd7 19. Re1 Rfe8 20. Rh3 Be7
21. Bxe7 Rxe7 22. Qe4 h6 23. Bd3 f5 24. Qxd4 e5 25. Qd5+ Kh8 26. a5 e4 27. Bf1
Re5 28. Qf7 Qd6 29. Rg3 Re7 30. Rd1 Qe5 31. Qd5 Qxd5 32. Rxd5 f4 33. Rc3 Bc6
34. Rd4 e3 35. Be2 exf2+ 36. Kxf2 Bxg2 37. Rxf4 Bc6 38. Bf3 Bxf3 39. Rcxf3 Kh7
40. Rf7 Rae8 41. Rxe7 Rxe7 42. c4 Kg6 43. b4 Re4 44. Rc3 Kf5 45. b5 axb5 46.
cxb5 Ra4 47. Rc7 1/2-1/2

[Event "XXXII. Banicky kahanec"]
[Site "?"]
[Date "2009.09.10"]
[Round "6"]
[White "Jurcik, Marian"]
[Black "Hirneise, Tobias"]
[Result "1/2-1/2"]
[WhiteElo "2477"]
[BlackElo "2427"]
[PlyCount "62"]
[EventDate "2009.09.10"]
[SourceDate "2009.09.10"]

1. e4 e5 2. Nf3 Nc6 3. Bb5 Nd4 4. Nxd4 exd4 5. O-O Bc5 6. b4 Bxb4 7. Bb2 Ne7 8.
Bxd4 O-O 9. Qc1 a6 10. Be2 Nc6 11. Be3 d5 12. c3 Be7 13. exd5 Qxd5 14. d4 Bf5
15. Nd2 Rfe8 16. Qb2 Rab8 17. Bf3 Qd7 18. Rfe1 Na5 19. Bf4 Bf8 20. Re3 Rxe3 21.
fxe3 Bd3 22. e4 Nc4 23. Nxc4 Bxc4 24. Re1 b5 25. Be2 Bxe2 26. Rxe2 Re8 27. Qd2
c6 28. h3 Rd8 29. Bg5 Re8 30. Bf4 Rd8 31. Bg5 Re8 1/2-1/2

[Event "XXXII. Banicky kahanec"]
[Site "?"]
[Date "2009.09.10"]
[Round "6"]
[White "Stohl, Igor"]
[Black "Michalik, Peter"]
[Result "0-1"]
[WhiteElo "2439"]
[BlackElo "2543"]
[PlyCount "112"]
[EventDate "2009.09.10"]
[SourceDate "2009.09.10"]

1. d4 d5 2. c4 c6 3. Nf3 Nf6 4. e3 e6 5. b3 Ne4 6. Bd3 Bd6 7. O-O Qe7 8. Qc2 f5
9. Ne5 Nd7 10. Bb2 O-O 11. f3 Ng5 12. Nd2 Nxe5 13. dxe5 Bc5 14. Bd4 dxc4 15.
Qxc4 Bxd4 16. exd4 Nh3+ 17. Kh1 Nf4 18. Rfd1 Rd8 19. Bf1 Nd5 20. Qd3 b5 21. a3
a5 22. Nb1 b4 23. axb4 Ba6 24. b5 Bxb5 25. Qd2 Bxf1 26. Rxf1 Qb4 27. Rc1 Ne7
28. Qxb4 axb4 29. Rxa8 Rxa8 30. Nd2 Ra2 31. Nc4 Nd5 32. g3 g5 33. Re1 h5 34.
Kg1 h4 35. Ne3 Nc3 36. gxh4 gxh4 37. h3 Ne2+ 38. Kf1 Nxd4 39. Rc1 Kf7 40. f4
Ne2 41. Rxc6 Nxf4 42. Rc4 Nd3 43. Rd4 Nxe5 44. Rxh4 Rh2 45. Ng2 Rh1+ 46. Ke2
Ng6 47. Rxb4 Rxh3 48. Ne3 Kf6 49. Rb7 Ne5 50. Rb6 Rh2+ 51. Kf1 Rd2 52. Rb8 Rb2
53. Rb6 Nf3 54. Nd5+ Ke5 55. Ne3 Rb1+ 56. Kf2 Nd4 0-1

[Event "XXXII. Banicky kahanec"]
[Site "?"]
[Date "2009.09.10"]
[Round "6"]
[White "Strunski, Andreas"]
[Black "Polak, Tomas"]
[Result "1-0"]
[WhiteElo "2394"]
[BlackElo "2507"]
[PlyCount "57"]
[EventDate "2009.09.10"]
[SourceDate "2009.09.10"]

1. c4 b6 2. d4 e6 3. e4 Bb7 4. Bd3 Nc6 5. Ne2 Nb4 6. Nbc3 Nxd3+ 7. Qxd3 d6 8.
d5 Qd7 9. f4 Ne7 10. Nd4 Ng6 11. dxe6 fxe6 12. Qh3 e5 13. Ne6 exf4 14. Nd5 c6
15. Ndc7+ Ke7 16. Bxf4 Rc8 17. O-O-O Nxf4 18. Qh4+ Kf7 19. Qxf4+ Kg8 20. Rhf1
h5 21. Nxf8 Qxc7 22. Rxd6 Rh6 23. e5 Qe7 24. Ng6 Rxg6 25. Rxg6 c5 26. e6 Rc7
27. g3 Bg2 28. Rf2 Bh3 29. Qe5 1-0

[Event "XXXII. Banicky kahanec"]
[Site "?"]
[Date "2009.09.10"]
[Round "6"]
[White "Hafizulhelmi, Mas"]
[Black "Simacek, Pavel"]
[Result "1/2-1/2"]
[WhiteElo "2416"]
[BlackElo "2499"]
[PlyCount "130"]
[EventDate "2009.09.10"]
[SourceDate "2009.09.10"]

1. d4 Nf6 2. c4 c5 3. d5 e6 4. Nc3 exd5 5. cxd5 d6 6. e4 g6 7. h3 Bg7 8. Nf3
O-O 9. Bd3 b5 10. Bxb5 Nxe4 11. Nxe4 Qa5+ 12. Nfd2 Qxb5 13. Nxd6 Qd3 14. N2c4
Qxd1+ 15. Kxd1 Ba6 16. Bg5 Nd7 17. Kc2 Nf6 18. Rad1 Rfd8 19. b3 h6 20. Bh4 Bxc4
21. Nxc4 g5 22. Bg3 Nxd5 23. a3 Bd4 24. h4 Nc3 25. Rde1 Re8 26. Nd6 Re2+ 27.
Kd3 Rb2 28. hxg5 Rxb3 29. Kc4 Rxa3 30. gxh6 Kh7 31. Re7 Ra4+ 32. Kd3 Nd5 33.
Rxf7+ Kg6 34. Rb7 Rh8 35. h7 Bg7 36. Rxg7+ Kxg7 37. Be5+ Nf6 38. Ne8+ Rxe8 39.
h8=Q+ Rxh8 40. Bxf6+ Kxf6 41. Rxh8 Rd4+ 42. Ke3 a5 43. f4 Rb4 44. Rh6+ Kg7 45.
Ra6 Rb3+ 46. Kf2 Rb5 47. Ke3 Rb3+ 48. Ke2 Rb5 49. g4 c4 50. Rc6 a4 51. Ra6 c3
52. Rxa4 Rc5 53. Kd1 c2+ 54. Kc1 Rc6 55. f5 Kf6 56. Ra7 Rc5 57. Ra6+ Kg7 58.
Ra2 Rc4 59. g5 Rc5 60. Ra7+ Kg8 61. Ra8+ Kg7 62. f6+ Kg6 63. Rg8+ Kf7 64. Rg7+
Kf8 65. g6 Rc6 1/2-1/2

[Event "XXXII. Banicky kahanec"]
[Site "?"]
[Date "2009.09.11"]
[Round "7"]
[White "Simacek, Pavel"]
[Black "Csiba, Dominik"]
[Result "1-0"]
[WhiteElo "2499"]
[BlackElo "2353"]
[PlyCount "73"]
[EventDate "2009.09.11"]
[SourceDate "2009.09.11"]

1. e4 c5 2. Nf3 d6 3. Bb5+ Nd7 4. c3 Ngf6 5. d3 a6 6. Ba4 g6 7. O-O Bg7 8. Nbd2
O-O 9. Re1 Qc7 10. Bc2 Ne5 11. a4 Bg4 12. h3 Bd7 13. Nh2 Nc6 14. f4 e5 15. Nc4
d5 16. Nxe5 Nxe5 17. fxe5 Qxe5 18. d4 Qc7 19. e5 Ne4 20. Bxe4 dxe4 21. Rxe4
cxd4 22. cxd4 Bc6 23. Re2 Rad8 24. Bg5 f6 25. exf6 Bxf6 26. Bxf6 Rxf6 27. Ng4
Rfd6 28. Qb3+ Bd5 29. Qg3 Qg7 30. Re5 h5 31. Ne3 Bf7 32. Rf1 R8d7 33. Nc2 Rc6
34. Rf2 Rdc7 35. Ne3 Rd7 36. d5 Rcd6 37. Rg5 1-0

[Event "XXXII. Banicky kahanec"]
[Site "?"]
[Date "2009.09.11"]
[Round "7"]
[White "Krivoshey, Sergej"]
[Black "Jurcik, Marian"]
[Result "1/2-1/2"]
[WhiteElo "2497"]
[BlackElo "2477"]
[PlyCount "65"]
[EventDate "2009.09.11"]
[SourceDate "2009.09.11"]

1. Nf3 d5 2. d4 Nf6 3. c4 c6 4. e3 Bg4 5. cxd5 Bxf3 6. Qxf3 cxd5 7. Nc3 e6 8.
Bd3 Nc6 9. O-O Bd6 10. Bd2 O-O 11. Qh3 Rc8 12. f4 g6 13. g4 Bb4 14. Be1 Qd7 15.
Qg2 Be7 16. f5 Ne8 17. Bg3 Bf6 18. Rae1 Nc7 19. g5 Be7 20. f6 Bd6 21. Qh3 Rfd8
22. Bxd6 Qxd6 23. Rf4 h5 24. Rh4 Kf8 25. Bxg6 fxg6 26. Rxh5 gxh5 27. Qxh5 e5
28. Qh8+ Kf7 29. Qh5+ Ke6 30. Qh3+ Kf7 31. Qh5+ Ke6 32. Qh3+ Kf7 33. Qh5+
1/2-1/2

[Event "XXXII. Banicky kahanec"]
[Site "?"]
[Date "2009.09.11"]
[Round "7"]
[White "Hirneise, Tobias"]
[Black "Stohl, Igor"]
[Result "1/2-1/2"]
[WhiteElo "2427"]
[BlackElo "2543"]
[PlyCount "61"]
[EventDate "2009.09.11"]
[SourceDate "2009.09.11"]

1. d4 d5 2. c4 e6 3. Nf3 Nf6 4. g3 Bb4+ 5. Bd2 Be7 6. Bg2 O-O 7. O-O c6 8. Qc2
b6 9. b3 Nbd7 10. Rd1 Bb7 11. Nc3 Rc8 12. cxd5 cxd5 13. Qb2 a6 14. Rac1 Bd6 15.
Bf4 Qe7 16. Bxd6 Qxd6 17. Rc2 Rc7 18. Rdc1 Rfc8 19. Nb1 Rxc2 20. Rxc2 Rxc2 21.
Qxc2 a5 22. Bf1 Qc6 23. Qxc6 Bxc6 24. e3 Kf8 25. Nc3 Ke7 26. Bd3 h6 27. Kf1 Kd6
28. Ke2 Ne8 29. Nb5+ Bxb5 30. Bxb5 Nc7 31. Bxd7 1/2-1/2

[Event "XXXII. Banicky kahanec"]
[Site "?"]
[Date "2009.09.11"]
[Round "7"]
[White "Polak, Tomas"]
[Black "Hafizulhelmi, Mas"]
[Result "1-0"]
[WhiteElo "2507"]
[BlackElo "2416"]
[PlyCount "57"]
[EventDate "2009.09.11"]
[SourceDate "2009.09.11"]

1. d4 Nf6 2. c4 e6 3. Nf3 d5 4. Nc3 Be7 5. Bg5 h6 6. Bxf6 Bxf6 7. e3 O-O 8. Qb3
c6 9. Be2 Nd7 10. O-O b6 11. Rfd1 Bb7 12. a4 Qc7 13. Rac1 Rac8 14. e4 dxe4 15.
Nxe4 c5 16. d5 exd5 17. cxd5 Rcd8 18. Bb5 Qf4 19. Re1 Kh8 20. Bc6 Bxc6 21. dxc6
Ne5 22. Nxf6 Nd3 23. Nd7 Nxc1 24. Qc2 Na2 25. Nxf8 Rxf8 26. Qd1 Qc7 27. Qd7 Qc8
28. Re7 Nb4 29. Ne5 1-0